000
00268nam a2200109Ia 4500
008
220204s9999 xx 000 0 und d
082
_a
338.98(035)
_b
WAL
100
_a
Walley, B H
245
0
_a
Profit planning handbook
260
_a
London
_b
Business
_c
1978
942
_c
BK
999
_c
28312
_d
28312